载入...

Research highlights 2008 - 2009

书目详细资料
格式: Report
出版: Thiruvananthapuram CTCRI
LEADER 00444nam a22001337a 4500
003 OSt
082 |a ICAR/CTCRI/RH/2008 - 09 
245 |a Research highlights 2008 - 2009 
260 |a Thiruvananthapuram  |b CTCRI 
300 |a 36 p 
546 |a English 
942 |2 ddc  |c REP 
999 |c 161258  |d 161258 
952 |0 0  |1 0  |2 ddc  |4 0  |6 ICARCTCRIRH_2008__090000000000  |7 0  |9 160061  |a KAUCLV  |b KAUCLV  |c REPORTS  |d 2018-07-30  |o ICAR/CTCRI/RH/2008 - 09  |p 809425  |r 2018-07-30  |w 2018-07-30  |y REP